000 00715nam a2200229Ii 4500
003 JO-AjNU
008 230605s9999||||xx |||||||||||||| ||und||
017 _a2001/3/618
020 _a9957-402-124-7
040 _aJO-AjNU
_bara
_erda
_cJO-AjNU
041 _aara
050 1 4 _aLA11.H3586.2001
100 3 _aهمشري،عمر أحمد,
_eauthor
_930926
245 0 0 _aمدخل إلى التربية
250 _aط1
264 3 1 _aعمان:دار الصفاء للنشر والتوزيع،2001
300 _a336ص
336 _atext
_btxt
_2rdacontent
337 _aunmediated
_bn
_2rdamedia
338 _avolume
_bnc
_2rdacarrier
650 4 _aالتربية الأساسية-فلسفة التربية
_930927
999 _aA12314
_c15882
_d15882